000 01093nam a2200349 i 4500
001 88774
003 ES-MaACL
005 20250804044107.0
007 t|
008 041214s1990 fr ||||1| fre d
020 _a2-07-071961-8
080 _a159.942
080 _a233.142
080 _a21
080 _a1:28
100 1 _aKierkegaard, Søren (
_d1813-1855)
_968014
245 1 0 _aMiettes philosophiques ; Le concept del'angoisse ; Traité du déserpoir /
_cSören Kierkegaard ; traduit du danois par Knud Ferlov et Jean-Jacques Gateau.
260 _a[S.l.] :
_bGallimard,
_c[1990]
300 _a501 p. ;
_c19 cm.
490 1 _aTel ;
_v164
650 1 4 _aAnsiedad.
_9154650
650 1 4 _aPecado original.
_915902
650 4 _aReligión-
_xFilosofía
_916799
650 1 7 _aFilosofía cristiana
_2embne
_912834
700 1 _aFerlov, Knud.
_949305
700 1 _aGateau, Jean-Jacques.
_955955
740 3 _aLe concept de l'angoisse.
740 0 _aTraité du désespoir.
830 0 _aTel ;
_v164
_9184073
852 _aES-MaACL
_jE-10618
999 _c88774
_d88774